[Event "FRA-chT Top 12 2019"]
[Site "Brest"]
[Date "2019.05.27"]
[Round "10.4"]
[White "Barseghyan, Harutyun"]
[Black "Ribbegren, Karl Johan"]
[Result "1-0"]
[WhiteElo "2470"]
[BlackElo "2209"]
[Annotator "ChessBase"]
[PlyCount "85"]
[EventDate "2019.05.18"]
[EventType "team-tourn"]
[EventCountry "FRA"]
[SourceTitle "playchess.com"]
[Source "ChessBase"]
[SourceQuality "1"]
[TimeControl "40/5400+30:1800+30"]

1. d4 {[%emt 0:00:00]} Nf6 {[%emt 0:00:00]} 2. Nf3 {[%emt 0:00:00]} c5 {[%emt 0:01:26]} 3. d5 {[%emt 0:00:00]} g6 4. c4 {[%emt 0:00:20]} Bg7 {[%emt 0:01:51]} 5. Nc3 {[%emt 0:00:11]} O-O {[%emt 0:00:47]} 6. e4 {[%emt 0:00:09]} d6 {[%emt 0:00:27]} 7. Bd3 {[%emt 0:00:25]} e5 {[%emt 0:04:49]} 8. h3 {[%emt 0:01:36]} Na6 {[%emt 0:01:50]} 9. Bg5 {[%emt 0:00:37]} h6 {[%emt 0:01:24]} 10. Be3 {[%emt 0:00:02]} Nc7 {[%emt 0:04:27]} 11. Qd2 {[%emt 0:00:11]} Kh7 {[%emt 0:00:40]} 12. g4 {[%emt 0:00:08]} Ng8 {[%emt 0:02:52]} 13. Rg1 {[%emt 0:04:46]} a6 {[%emt 0:09:56]} 14. a4 {[%emt 0:04:02]} Bd7 {[%emt 0:01:16]} 15. a5 {[%emt 0:00:05]} Rb8 {[%emt 0:01:11]} 16. h4 {[%emt 0:02:26]} b5 {[%emt 0:02:46]} 17. axb6 {[%emt 0:00:26]} Rxb6 {[%emt 0:00:11]} 18. h5 {[%emt 0:00:06]} g5 {[%emt 0:05:46]} 19. Nh2 {[%emt 0:07:10]} Qb8 {[%emt 0:04:22]} 20. Ra2 {[%emt 0:00:11]} Qb7 {[%emt 0:01:45]} 21. Nd1 {[%emt 0:00:42]} Rb4 {[%emt 0:03:26]} 22. Qc2 {[%emt 0:00:09]} Ra8 {[%emt 0:04:32]} 23. Bd2 {[%emt 0:00:10]} Rb3 {[%emt 0:01:18]} 24. Ba5 {[%emt 0:00:43]} Ne8 {[%emt 0:01:27]} 25. Nf1 {[%emt 0:00:09]} Qb8 {[%emt 0:02:39]} 26. Nd2 {[%emt 0:00:07]} Rb7 {[%emt 0:00:32]} 27. Ne3 {[%emt 0:02:30]} Bf6 {[%emt 0:02:37]} 28. Ke2 {[%emt 0:00:23]} Bd8 {[%emt 0:01:35]} 29. Bc3 {[%emt 0:00:08]} a5 {[%emt 0:00:36]} 30. Rga1 {[%emt 0:00:08]} a4 {[%emt 0:04:07]} 31. Qd1 {[%emt 0:00:30]} Ba5 {[%emt 0:21:50]} 32. Bc2 {[%emt 0:00:15]} Nef6 {[%emt 0:00:40]} 33. f3 {[%emt 0:01:55]} Bxc3 {[%emt 0:02:57]} 34. bxc3 {[%emt 0:00:02]} Rb2 {[%emt 0:01:38]} 35. Bxa4 {[%emt 0:02:18]} Rxa2 {[%emt 0:01:56]} 36. Rxa2 {[%emt 0:00:05]} Qa7 {[%emt 0:00:54]} 37. Bb3 {[%emt 0:00:17]} Qb7 {[%emt 0:00:11]} 38. Qa1 {[%emt 0:00:22]} Rxa2 {[%emt 0:00:33]} 39. Qxa2 {[%emt 0:00:01]} Ne7 {[%emt 0:00:31]} 40. Qa5 {[%emt 0:00:34]} Qb8 {[%emt 0:01:44]} 41. Ba4 {[%emt 0:32:27]} Bc8 {[%emt 0:35:20]} 42. Qd8 {[%emt 0:02:54]} Neg8 {[%emt 0:00:00]} 43. Bb5 {[%emt 0:00:00]} 1-0

[Event "FRA-chT Top 12 2019"]
[Site "Brest"]
[Date "2019.05.27"]
[Round "10.4"]
[White "Delabaca, Romuald"]
[Black "Brochet, Philippe"]
[Result "0-1"]
[WhiteElo "2360"]
[BlackElo "2400"]
[Annotator "TA"]
[PlyCount "68"]
[EventDate "2019.05.18"]
[EventType "team-tourn"]
[EventCountry "FRA"]
[SourceTitle "playchess.com"]
[Source "ChessBase"]
[SourceQuality "1"]

{[%evp 9,68,33,41,37,40,41,44,31,37,16,18,20,41,27,51,13,14,9,14,20,30,15,25,0,0,0,0,-16,18,-3,10,-31,-18,-25,-25,-65,-49,-74,-63,-91,-36,-48,-22,-24,-19,-27,-39,-70,-66,-65,-69,-86,-83,-79,-89,-152,-140,-170,-75,-225,-224]} 1. Nf3 d5 2. e3 Nc6 3. d4 Bg4 4. c4 e6 5. h3 (5. Be2 Nf6 6. O-O Be7 7. b3 O-O 8. Bb2 Ne4 9. Nbd2 f5 10. Rc1 Kh8 11. Ne1 Bxe2 12. Qxe2 a5 13. a3 {½-½ (67) Jankovic,A (2591)-Martinovic,S (2550) Tallinn 2016}) 5... Bxf3 6. Qxf3 {D07: Queen's Gambit: Chigorin Defence} Nf6 7. Nc3 a6 8. Qd1 $146 {White is slightly better.} ({Predecessor:} 8. cxd5 exd5 9. g4 Bb4 10. Bd3 Qe7 11. Kf1 Bxc3 12. bxc3 Na5 13. a4 O-O-O 14. Ba3 {½-½ (38) Tin,J (2438)-To,N (2315) Budapest 2016}) 8... Be7 9. Be2 dxc4 10. Bxc4 e5 11. d5 Nb8 12. a4 Nbd7 13. e4 Bc5 14. O-O O-O 15. Qf3 Ne8 16. Ne2 Nd6 17. Bd3 Qh4 18. g4 Rac8 19. Kg2 c6 20. Nc3 Bd4 21. dxc6 Rxc6 22. Nd5 Nc5 23. Bc2 Kh8 24. Rb1 {[#]} Ne6 (24... g6 $1 $17 25. Be3 Bxe3 26. Qxe3 Nc4) 25. Bd3 $15 Ng5 26. Bxg5 $1 Qxg5 27. Qe2 Nc8 28. Rfd1 Nb6 $36 {[%mdl 2048] Black has the initiative.} 29. Nxb6 Rxb6 30. b3 Rf6 31. f3 h5 32. Qd2 ({Better is} 32. Bc4) 32... Be3 $17 33. Qe2 h4 (33... Qf4 $19 {...h4 is the strong threat.} 34. Rf1 Rd8) 34. Re1 (34. Kh1 $17 {was worth a try.}) 34... Qf4 {Accuracy: White = 29%, Black = 70%.} 0-1

[Event "FRA-chT Top 12 2019"]
[Site "Brest"]
[Date "2019.05.27"]
[Round "10.5"]
[White "Rodshtein, Maxim"]
[Black "Gozzoli, Yannick"]
[Result "1-0"]
[WhiteElo "2699"]
[BlackElo "2622"]
[Annotator "TA"]
[PlyCount "85"]
[EventDate "2019.05.18"]
[EventType "team-tourn"]
[EventCountry "FRA"]
[SourceTitle "playchess.com"]
[Source "ChessBase"]
[SourceQuality "1"]

{[%evp 17,85,32,36,33,46,35,41,38,35,29,38,34,46,17,46,46,43,54,57,42,75,87,114,128,220,230,228,223,223,231,252,247,223,233,228,213,214,169,160,160,184,158,157,166,150,154,75,138,202,174,539,0,0,0,533,525,525,525,525,498,525,0,0,0,512,438,500,484,460,458]} 1. d4 d5 2. c4 c6 3. Nf3 Nf6 4. e3 g6 5. b3 Bg7 6. Bb2 O-O 7. Nbd2 Bg4 8. Be2 Nbd7 9. O-O Re8 10. Rc1 {D04: Colle System} a5 $146 ({Predecessor:} 10... a6 11. h3 Bxf3 12. Nxf3 e6 13. Rc2 Ne4 14. Bd3 f5 15. Qe2 Ng5 16. b4 Nxf3+ 17. Qxf3 Bf8 {1-0 (53) Gabuzyan,H (2578)-Raeva,E (2323) Albena 2015}) 11. cxd5 cxd5 12. h3 {White is slightly better.} Bxf3 13. Nxf3 Qb6 14. Qc2 e6 15. a4 Bf8 16. Bb5 Reb8 17. g4 h6 18. h4 {Threatens to win with g5.} Qd8 19. Qc7 $1 $36 {[%mdl 2048] g5 is the strong threat. White is really pushing.} Nb6 20. Ne5 Qxc7 (20... Be7 $16 21. Qxd8+ Bxd8) 21. Rxc7 $18 Bd6 {[#]} 22. Rfc1 $1 Nc4 23. Rxf7 Bxe5 24. dxe5 Kxf7 25. bxc4 Ne8 26. cxd5 exd5 27. Bd7 Ng7 28. f4 {[%mdl 1024] White has strong compensation.} Ke7 29. Bb5 Rc8 30. Rd1 Rc2 31. Ba3+ Ke6 {[#]} 32. e4 $1 {[%mdl 512]} dxe4 (32... Rd8 $16 {keeps fighting.}) 33. Rd7 Rac8 $2 (33... Ne8) 34. Re7+ $2 ({Only move:} 34. Rxg7 $18 R8c3 35. Rxg6+ {[%mdl 64] Double Attack} Kf7 36. e6+ (36. Rf6+ Kg8 $11) 36... Kxg6 37. e7 Rg3+ 38. Kf1) 34... Kd5 $11 {Hoping for ...R8c7.} 35. Rd7+ $2 {[%mdl 8192]} (35. Rxg7 $11 Kd4 36. Rd7+ (36. Rxg6 R8c3 $11) 36... Ke3 37. Rd1 (37. Rxb7 $2 Ra2 $19)) 35... Ke6 $18 {White must now prevent ...R8c7.} 36. Rxg7 R8c3 37. Re7+ ({Less strong is} 37. Rxg6+ Kf7 $18) 37... Kd5 {Strongly threatening ...e3.} 38. Rd7+ Ke6 39. Re7+ Kd5 {And now ...e3 would win.} 40. Rd7+ Ke6 41. Rd6+ {White is clearly winning.} Kf7 {[#]} 42. e6+ $1 Ke7 43. Rc6+ $1 {Accuracy: White = 64%, Black = 43%.} 1-0

[Event "FRA-chT Top 12 2019"]
[Site "Brest"]
[Date "2019.05.27"]
[Round "10.5"]
[White "Fedorchuk, Sergey A."]
[Black "Libiszewski, Fabien"]
[Result "1/2-1/2"]
[WhiteElo "2620"]
[BlackElo "2511"]
[Annotator "RC"]
[PlyCount "81"]
[EventDate "2019.05.18"]
[EventType "team-tourn"]
[EventCountry "FRA"]
[SourceTitle "playchess.com"]
[Source "ChessBase"]
[SourceQuality "1"]
[TimeControl "40/5400+30:1800+30"]

1. e4 {[%emt 0:00:40]} e6 {[%emt 0:00:31]} 2. d4 {[%emt 0:00:42]} d5 {[%emt 0:00:06]} 3. Nd2 {[%emt 0:00:20]} c5 {[%emt 0:00:28]} 4. Ngf3 {[%emt 0:02:59]} Nc6 {[%emt 0:00:38]} 5. exd5 {[%emt 0:03:02]} exd5 {[%emt 0:00:18]} 6. Bb5 {[%emt 0:00:33]} Qe7+ {[%emt 0:00:23]} 7. Be2 {[%emt 0:02:10]} Nf6 {[%emt 0:01:00]} 8. O-O {[%emt 0:00:41]} Qc7 {[%emt 0:00:26]} 9. Re1 {[%emt 0:03:53]} cxd4 {[%emt 0:01:35]} 10. Nb3 {[%emt 0:02:10]} Bb4 {[%emt 0:00:35]} 11. Bd2 {[%emt 0:03:09]} Bxd2 {[%emt 0:00:14]} 12. Qxd2 {[%emt 0:00:09]} O-O {[%emt 0:00:07]} 13. Bd3 {[%emt 0:00:27]} Bg4 {[%emt 0:10:54]} 14. Nfxd4 {[%emt 0:09:50]} Rfe8 {[%emt 0:10:01]} 15. Nb5 {[%emt 0:10:20]} Qb6 {[%emt 0:23:02]} 16. Qf4 {[%emt 0:03:46]} a6 {[%emt 0:09:54]} 17. Nc7 {[%emt 0:07:09]} Rxe1+ {[%emt 0:01:45]} 18. Rxe1 {[%emt 0:00:04]} Rd8 {[%emt 0:00:22]} 19. h3 {[%emt 0:21:52]} Bc8 {[%emt 0:08:09]} 20. c4 {[%emt 0:09:23]} Qb4 {[%emt 0:03:46]} 21. Re3 {[%emt 0:03:45]} dxc4 {[%emt 0:07:53]} 22. Bxc4 {[%emt 0:01:59]} Nd4 {[%emt 0:15:49]} 23. Ne8 {[%emt 0:11:51]} Qxc4 {[%emt 0:01:18]} 24. Nxf6+ {[%emt 0:00:05]} gxf6 {[%emt 0:00:06]} 25. Kh2 {[%emt 0:00:01]} Qd5 {[%emt 0:02:19]} 26. Nxd4 {[%emt 0:01:27]} Qxd4 27. Re8+ Kg7 {[%emt 0:00:23]} 28. Qxd4 {[%emt 0:00:47]} Rxd4 {[%emt 0:00:01]} 29. Rxc8 {[%emt 0:00:05]} Rd2 {[%emt 0:00:03]} 30. b4 {[%emt 0:00:13]} Rxa2 {[%emt 0:00:36]} 31. Rb8 b5 32. f3 {[%emt 0:00:41]} Rb2 {[%emt 0:00:36]} 33. Rb6 {[%emt 0:00:07]} Rxb4 {[%emt 0:00:06]} 34. Rxa6 {[%emt 0:00:03]} h5 {[%emt 0:00:07]} 35. g4 {[%emt 0:00:44]} h4 {[%emt 0:00:38]} 36. Rb6 {[%emt 0:00:04]} Rb2+ {[%emt 0:00:20]} 37. Kg1 b4 {[%emt 0:00:49]} 38. f4 {[%emt 0:00:20]} b3 {[%emt 0:02:21]} 39. Rb8 {[%emt 0:00:58]} Kg6 {[%emt 0:00:36]} 40. Rb6 Kh7 {[%emt 0:00:00]} 41. Rb7 {[%emt 0:30:56]} 1/2-1/2

[Event "FRA-chT Top 12 2019"]
[Site "Brest"]
[Date "2019.05.27"]
[Round "10.5"]
[White "Godart, Francois"]
[Black "Ludwig, Remi"]
[Result "1-0"]
[WhiteElo "2419"]
[BlackElo "2312"]
[Annotator "NA"]
[PlyCount "61"]
[EventDate "2019.05.18"]
[EventType "team-tourn"]
[EventCountry "FRA"]
[SourceTitle "playchess.com"]
[Source "ChessBase"]
[SourceQuality "1"]
[TimeControl "40/5400+30:1800+30"]

1. e4 {[%emt 0:00:00]} e6 {[%emt 0:00:00]} 2. d4 {[%emt 0:00:00]} d5 {[%emt 0:00:00]} 3. exd5 {[%emt 0:00:14]} exd5 {[%emt 0:00:00]} 4. Nf3 {[%emt 0:00:04]} Bg4 {[%emt 0:00:35]} 5. h3 {[%emt 0:01:23]} Bh5 {[%emt 0:01:29]} 6. Qe2+ {[%emt 0:00:46]} Qe7 {[%emt 0:02:07]} 7. Be3 {[%emt 0:02:45]} Nc6 {[%emt 0:01:08]} 8. Nc3 {[%emt 0:10:19]} O-O-O {[%emt 0:04:14]} 9. O-O-O {[%emt 0:00:59]} Nf6 {[%emt 0:16:26]} 10. g4 {[%emt 0:03:54]} Bg6 {[%emt 0:02:51]} 11. Ne5 {[%emt 0:01:15]} Qe8 {[%emt 0:09:49]} 12. h4 {[%emt 0:26:29]} h6 {[%emt 0:02:58]} 13. Nxg6 {[%emt 0:06:52]} fxg6 {[%emt 0:00:08]} 14. Bg2 {[%emt 0:02:25]} Bb4 {[%emt 0:12:59]} 15. g5 {[%emt 0:01:37]} hxg5 {[%emt 0:10:35]} 16. hxg5 {[%emt 0:00:37]} Rxh1 {[%emt 0:02:14]} 17. Rxh1 Nh5 {[%emt 0:10:50]} 18. Nxd5 {[%emt 0:09:33]} Kb8 {[%emt 0:00:20]} 19. Nxb4 {[%emt 0:03:10]} Nxb4 {[%emt 0:00:07]} 20. Qc4 {[%emt 0:00:37]} Nc6 {[%emt 0:03:50]} 21. Rh4 {[%emt 0:01:48]} Qd7 {[%emt 0:07:59]} 22. Re4 {[%emt 0:03:37]} a6 {[%emt 0:03:05]} 23. d5 {[%emt 0:01:48]} Ne7 {[%emt 0:00:40]} 24. Qc5 {[%emt 0:02:48]} Nc8 {[%emt 0:00:04]} 25. b3 {[%emt 0:03:21]} Qd6 {[%emt 0:02:30]} 26. Qxd6 {[%emt 0:01:10]} cxd6 {[%emt 0:02:11]} 27. Bf3 {[%emt 0:02:34]} Rf8 {[%emt 0:01:27]} 28. Bg4 {[%emt 0:00:12]} Kc7 {[%emt 0:00:15]} 29. Rc4+ {[%emt 0:00:26]} Kb8 {[%emt 0:00:09]} 30. Bxc8 {[%emt 0:00:13]} Rxc8 {[%emt 0:00:06]} 31. Ba7+ {[%emt 0:00:07]} 1-0

[Event "FRA-chT Top 12 2019"]
[Site "Brest"]
[Date "2019.05.27"]
[Round "10.5"]
[White "Vallin, Guillaume"]
[Black "Burri, Quentin"]
[Result "0-1"]
[WhiteElo "2389"]
[BlackElo "2425"]
[Annotator "TA"]
[PlyCount "74"]
[EventDate "2019.05.18"]
[EventType "team-tourn"]
[EventCountry "FRA"]
[SourceTitle "playchess.com"]
[Source "ChessBase"]
[SourceQuality "1"]

{[%evp 9,98,8,13,-12,14,-12,-23,-34,-18,-20,-17,-40,-12,-29,-41,-22,1,-41,-40,-39,-24,-69,-50,-84,-50,-50,-50,-60,-56,-92,-81,-82,-60,-60,-60,-58,-4,-8,0,-12,0,0,0,-8,-8,-23,0,0,0,-40,-34,-40,-40,-86,-72,-165,-169,-146,-42,-107,-89,-543,-544,-544,-532,-678,-669,-679,-668,-641,-543,-657,-674,-602,-507,-862,-850,-960,-507,-536,-527,-981,-606,-1122,-1110,-1143,-1121,-1427,-1372,-29988,-29988]} 1. Nf3 d5 2. e3 Nf6 3. c4 c6 4. b3 e6 5. Nc3 Bd6 6. Qc2 {A11: English Opening: 1...c6} (6. Bb2 O-O 7. d4 Nbd7 8. Be2 b6 9. O-O Bb7 10. Qc2 Qe7 11. Rad1 Rfe8 12. Rfe1 Rad8 13. g3 Bb4 14. a3 Bd6 15. b4 dxc4 16. e4 e5 17. Bxc4 exd4 18. Nxd4 Ne5 19. Nf5 Nf3+ 20. Kh1 Qf8 {½-½ (54) Maghsoodloo,P (2671)-Saric,I (2694) Malmo 2019}) 6... O-O 7. Bb2 e5 8. d3 {Black has an edge.} Qe7 $146 ({Predecessor:} 8... Re8 9. Be2 Bg4 10. h3 Bh5 11. O-O Nbd7 12. Rad1 Rc8 {½-½ (33) Damljanovic,B (2486)-Mehar,C (2348) Novi Sad 2019}) 9. Be2 Re8 10. h3 a6 11. Na4 Nbd7 12. c5 Bc7 13. d4 e4 14. Nd2 h6 15. b4 Nh7 16. Nc3 f5 17. g3 Ndf6 18. O-O-O Be6 19. Rdg1 Reb8 20. Na4 Rf8 21. Nb3 Rae8 22. Bc3 g5 (22... Bf7 $15) 23. h4 Ng4 24. Be1 Rf7 25. Na5 Bb8 26. hxg5 hxg5 27. Rh5 Ngf6 {[%cal Bg4f6,Bf6g4,Bg4h2][%mdl 32]} 28. Rh6 Rg7 29. Rgh1 f4 30. gxf4 gxf4 31. Kb1 f3 32. Bf1 (32. Bd1 $17) 32... Ng4 $36 {[%mdl 2048] Keeping White busy.} 33. R6h5 {[#]} Qf7 (33... Nh2 $1 $17 {[%mdl 512]} 34. a3 (34. R1xh2 Bxh2) 34... Nf6) 34. R5h4 {[#]} ({White should try} 34. Qc3 $15) 34... Nh2 $1 {[%mdl 512] ...Qg6 is the strong threat.} 35. Bh3 $2 {[%mdl 8192]} (35. Qd1 $17 {is a better chance.}) (35. R1xh2 Bxh2) 35... Bxh3 36. Rxh3 Qg6 37. Kb2 Nf6 {Played: Qg6-g2} 0-1

[Event "FRA-chT Top 12 2019"]
[Site "Brest"]
[Date "2019.05.27"]
[Round "10.5"]
[White "Savina, Anastasia"]
[Black "Apicella, Manuel"]
[Result "0-1"]
[WhiteElo "2353"]
[BlackElo "2502"]
[Annotator "TA"]
[PlyCount "98"]
[EventDate "2019.05.18"]
[EventType "team-tourn"]
[EventCountry "FRA"]
[SourceTitle "playchess.com"]
[Source "ChessBase"]
[SourceQuality "1"]

{[%evp 13,102,31,46,40,55,42,69,59,47,51,68,52,44,43,53,51,50,43,54,36,71,78,75,43,46,25,31,33,24,0,0,0,0,0,0,-33,-26,-39,18,0,6,-54,-49,-105,-128,-135,-80,-71,-83,-74,-89,-76,-4,-6,9,-15,-15,-8,-8,-8,-8,-9,-8,-8,-8,-8,-8,-12,-8,-8,-8,-8,-8,-193,-191,-339,-344,-1557,-1271,-1508,-1505,-1792,-1534,-1508,-590,-29942,-12824,-7598,-7598,-29969,-29970]} 1. d4 Nf6 2. c4 g6 3. Nc3 Bg7 4. e4 d6 5. h3 O-O 6. Be3 e5 7. d5 a5 8. g4 {E71: King's Indian: 4 e4 d6 5 h3} Na6 9. Nge2 c6 (9... Nd7 10. Qd2 Ndc5 11. Ng3 c6 12. Be2 cxd5 13. cxd5 a4 14. h4 Bd7 15. h5 Rc8 {0-1 (39) Caruana,F (2832)-Nakamura,H (2746) London 2018}) 10. Ng3 {White is slightly better.} cxd5 11. cxd5 Nc5 12. Be2 a4 13. Kf1 $146 ({Predecessor:} 13. Qd2 Qa5 14. f3 Bd7 15. h4 Rfc8 {½-½ (37) Hrescak,I (2230)-Verstraeten,R (2356) Trieste 2018}) 13... Qa5 14. Rc1 Bd7 $1 15. h4 Qb4 {[%cal Rc5e4]} 16. Kg2 Rfc8 (16... Ncxe4 $2 17. Ncxe4 Nxe4 18. Rc4 $18) 17. g5 Ne8 ({Don't blunder} 17... Nfxe4 $2 18. Ncxe4 Nxe4 19. a3 $16 (19. Rxc8+ Rxc8 20. a3 Qxb2 $16)) 18. Qd2 Qa5 19. Nb1 Qxd2 20. Nxd2 {Strongly threatening Nc4.} b5 21. b4 axb3 $1 22. axb3 f5 23. gxf6 Nxf6 24. f3 Ra3 25. Rc3 b4 (25... Rca8 $15) 26. Rc2 $11 Nxb3 27. Rxc8+ (27. Nc4 $1 $11 Rxc4 28. Bxc4) 27... Bxc8 $15 28. Nc4 {[#]} (28. Nxb3 $15 Rxb3 29. Kf2) 28... Ra2 $1 $17 {...Ba6 is the strong threat.} 29. Rb1 {[#]} Ba6 ({Black should play} 29... Nd4 $1 {[%cal Rd4e2]} 30. Bxd4 exd4 31. Rxb4 Ba6) 30. Rb2 Rxb2 31. Nxb2 Bxe2 32. Nxe2 Na1 ({Better is} 32... Nc5 $17) 33. Bd2 $11 Nc2 34. Nc1 Nh5 35. Nbd3 Nf4+ 36. Nxf4 exf4 37. Bxf4 {[%mdl 4096] Endgame KBN-KBN} Na1 38. Nd3 b3 39. Bc1 Nc2 40. Kf2 Bf6 41. Ke2 Bxh4 42. Bb2 $1 Bg3 {aiming for ...h5.} 43. f4 $2 (43. Nc1 $11 {and White is okay.}) 43... Kf7 $19 44. e5 (44. Nc1 $142) 44... Ke7 45. Kf3 $2 (45. Nc1 Bxf4 46. Nxb3) 45... Ne1+ 46. Nxe1 Bxe1 {KB-KB} 47. Kg4 Bd2 48. Ba3 Kd7 (48... Kd8 $142 {And now ...dxe5 would win.} 49. Bb2 h5+ 50. Kg3 Kd7) 49. exd6 {[#]} h5+ {Played: Bd2-b4} 0-1

[Event "FRA-chT Top 12 2019"]
[Site "Brest"]
[Date "2019.05.27"]
[Round "10.5"]
[White "Dornbusch, Tatiana"]
[Black "Rambaldi, Francesco"]
[Result "0-1"]
[WhiteElo "2285"]
[BlackElo "2558"]
[Annotator "ChessBase"]
[PlyCount "110"]
[EventDate "2019.05.18"]
[EventType "team-tourn"]
[EventCountry "FRA"]
[SourceTitle "playchess.com"]
[Source "ChessBase"]
[SourceQuality "1"]
[TimeControl "40/5400+30:1800+30"]

1. d4 {[%emt 0:00:00]} g6 {[%emt 0:00:00]} 2. c4 {[%emt 0:01:06]} Bg7 {[%emt 0:00:02]} 3. Nf3 {[%emt 0:01:01]} d6 {[%emt 0:00:50]} 4. Nc3 {[%emt 0:10:03]} Bg4 {[%emt 0:06:25]} 5. g3 {[%emt 0:01:27]} Qc8 {[%emt 0:06:54]} 6. Bg2 {[%emt 0:07:34]} Bh3 {[%emt 0:01:31]} 7. O-O {[%emt 0:00:08]} Nc6 {[%emt 0:02:48]} 8. d5 {[%emt 0:04:38]} Ne5 {[%emt 0:03:11]} 9. Nxe5 {[%emt 0:01:16]} Bxe5 {[%emt 0:00:09]} 10. Qa4+ {[%emt 0:10:56]} Kf8 {[%emt 0:05:28]} 11. Qc2 {[%emt 0:01:32]} h5 {[%emt 0:00:43]} 12. Ne4 {[%emt 0:13:47]} Bxg2 {[%emt 0:11:17]} 13. Kxg2 {[%emt 0:01:12]} h4 {[%emt 0:00:05]} 14. Ng5 {[%emt 0:03:41]} Bf6 {[%emt 0:00:57]} 15. e4 {[%emt 0:06:11]} Bxg5 {[%emt 0:09:28]} 16. Bxg5 {[%emt 0:02:32]} Qg4 {[%emt 0:00:26]} 17. Qc3 {[%emt 0:07:53]} Rh5 {[%emt 0:04:05]} 18. Bf4 {[%emt 0:01:17]} hxg3 {[%emt 0:07:01]} 19. Qxg3 {[%emt 0:00:00]} Qe2 {[%emt 0:00:21]} 20. Qe3 {[%emt 0:05:20]} Qg4+ {[%emt 0:08:10]} 21. Qg3 {[%emt 0:03:04]} Qe2 {[%emt 0:01:17]} 22. Qe3 {[%emt 0:00:03]} Qxe3 {[%emt 0:00:09]} 23. Bxe3 {[%emt 0:00:51]} f5 {[%emt 0:00:57]} 24. f3 {[%emt 0:01:44]} Nf6 {[%emt 0:00:07]} 25. Bd4 {[%emt 0:00:58]} Nd7 {[%emt 0:00:55]} 26. exf5 {[%emt 0:03:09]} Rxf5 {[%emt 0:00:13]} 27. Rae1 {[%emt 0:00:33]} c6 {[%emt 0:00:44]} 28. dxc6 {[%emt 0:06:55]} bxc6 {[%emt 0:00:05]} 29. f4 {[%emt 0:00:30]} a5 {[%emt 0:01:37]} 30. Re3 {[%emt 0:01:45]} Kf7 {[%emt 0:01:00]} 31. Rfe1 {[%emt 0:00:50]} Re8 {[%emt 0:00:16]} 32. Kg3 {[%emt 0:02:31]} g5 {[%emt 0:00:24]} 33. fxg5 {[%emt 0:01:02]} Rxg5+ {[%emt 0:01:09]} 34. Kf2 {[%emt 0:00:05]} e5 {[%emt 0:01:03]} 35. Bc3 {[%emt 0:00:27]} Nc5 {[%emt 0:06:12]} 36. Rg1 {[%emt 0:00:56]} Rf5+ {[%emt 0:02:55]} 37. Rf3 {[%emt 0:00:02]} Kf6 {[%emt 0:00:52]} 38. Rxf5+ {[%emt 0:00:32]} Kxf5 {[%emt 0:00:02]} 39. Ke3 {[%emt 0:00:39]} Rh8 {[%emt 0:00:15]} 40. Bxa5 {[%emt 0:01:04]} Rxh2 {[%emt 0:02:40]} 41. Bb4 {[%emt 0:08:41]} Rh3+ {[%emt 0:05:21]} 42. Ke2 {[%emt 0:01:43]} Rh2+ {[%emt 0:01:16]} 43. Ke3 {[%emt 0:01:26]} Rh3+ {[%emt 0:00:08]} 44. Ke2 {[%emt 0:00:04]} Nd3 {[%emt 0:11:34]} 45. Bxd6 {[%emt 0:00:47]} Nxb2 {[%emt 0:01:22]} 46. c5 {[%emt 0:06:05]} Ke4 {[%emt 0:06:45]} 47. Rg4+ {[%emt 0:03:51]} Kd5 {[%emt 0:00:09]} 48. Rb4 {[%emt 0:03:50]} Rh2+ {[%emt 0:02:57]} 49. Kf1 {[%emt 0:01:02]} Nc4 {[%emt 0:00:34]} 50. Ra4 {[%emt 0:01:41]} Rb2 {[%emt 0:04:39]} 51. Be7 {[%emt 0:04:30]} e4 {[%emt 0:02:11]} 52. Ra7 {[%emt 0:01:20]} e3 {[%emt 0:02:12]} 53. Bg5 {[%emt 0:01:35]} Nd2+ {[%emt 0:01:09]} 54. Ke2 {[%emt 0:00:04]} Ne4+ {[%emt 0:00:04]} 55. Kxe3 {[%emt 0:00:03]} Nxg5 {[%emt 0:00:04] Kd4+} 0-1

[Event "FRA-chT Top 12 2019"]
[Site "Brest"]
[Date "2019.05.27"]
[Round "10.6"]
[White "Oparin, Grigoriy"]
[Black "Maze, Sebastien"]
[Result "1-0"]
[WhiteElo "2624"]
[BlackElo "2579"]
[Annotator "RC"]
[PlyCount "65"]
[EventDate "2019.05.18"]
[EventType "team-tourn"]
[EventCountry "FRA"]
[SourceTitle "playchess.com"]
[Source "ChessBase"]
[SourceQuality "1"]
[TimeControl "40/5400+30:1800+30"]

1. c4 {[%emt 0:00:00]} e6 {[%emt 0:00:12]} 2. Nf3 {[%emt 0:01:05]} d5 {[%emt 0:00:37]} 3. g3 {[%emt 0:00:06]} Nf6 {[%emt 0:01:09]} 4. Bg2 {[%emt 0:00:07]} dxc4 {[%emt 0:00:07]} 5. Qa4+ {[%emt 0:00:13]} Nbd7 {[%emt 0:00:10]} 6. Qxc4 {[%emt 0:01:02]} a6 {[%emt 0:00:45]} 7. Qc2 {[%emt 0:05:45]} c5 {[%emt 0:03:35]} 8. Nc3 {[%emt 0:05:31]} Bd6 {[%emt 0:10:33]} 9. d4 {[%emt 0:12:52]} Qc7 {[%emt 0:07:30]} 10. O-O {[%emt 0:03:25]} O-O {[%emt 0:17:16]} 11. Rd1 {[%emt 0:05:30]} b6 {[%emt 0:07:56]} 12. d5 {[%emt 0:19:20]} e5 {[%emt 0:02:20]} 13. Nh4 {[%emt 0:01:18]} g6 {[%emt 0:03:52]} 14. Bg5 {[%emt 0:02:16]} Bb7 {[%emt 0:09:40]} 15. Qd2 {[%emt 0:02:40]} b5 {[%emt 0:03:57]} 16. Rac1 {[%emt 0:06:15]} Kh8 {[%emt 0:01:17]} 17. b3 {[%emt 0:03:20]} Rae8 {[%emt 0:09:07]} 18. e4 {[%emt 0:07:26]} Ng8 {[%emt 0:02:09]} 19. Bh3 {[%emt 0:00:47]} Ndf6 {[%emt 0:00:58]} 20. Qe2 {[%emt 0:01:53]} Bc8 {[%emt 0:02:11]} 21. Bxc8 {[%emt 0:03:25]} Rxc8 {[%emt 0:00:23]} 22. a4 {[%emt 0:02:04]} Qd7 {[%emt 0:05:31]} 23. axb5 {[%emt 0:00:30]} axb5 {[%emt 0:00:11]} 24. Nxb5 {[%emt 0:02:57]} Nxe4 {[%emt 0:01:47]} 25. Nxd6 {[%emt 0:00:04]} Nxd6 {[%emt 0:00:03]} 26. Qxe5+ {[%emt 0:00:06]} f6 {[%emt 0:00:03]} 27. Qb2 {[%emt 0:00:13]} Rb8 {[%emt 0:01:03]} 28. Bf4 {[%emt 0:01:54]} Rb4 {[%emt 0:00:38]} 29. Ng2 {[%emt 0:01:36]} c4 {[%emt 0:03:05]} 30. Bxd6 {[%emt 0:01:02]} Qxd6 {[%emt 0:01:44]} 31. Rxc4 {[%emt 0:00:06]} Rb6 {[%emt 0:00:12]} 32. Ne3 {[%emt 0:00:50]} Rfb8 {[%emt 0:00:22]} 33. Rc3 {[%emt 0:00:15]} 1-0